[Event "34th Chess Olympiad (men)"]
[Site "Istanbul"]
[Date "2000.11.02"]
[Round "6.40.4"]
[White "Wheeler, Robert"]
[Black "Atakisi, Umut"]
[WhiteElo "2226"]
[BlackElo "2258"]
[WhiteCountry "JAM"]
[BlackCountry "TURA"]
[Result "1/2-1/2"]

1. Nf3 Nf6 2. c4 c5 3. g3 d5 4. cxd5 Nxd5 5. Bg2 Nc6 6. O-O e5 7. Nc3 Nc7 
8. d3 Be7 9. Be3 O-O 10. Qc1 b6 11. Rb1 f6 12. a3 Bb7 13. Re1 Nd4 14. Ne4 Nd5 
15. Qc4 Kh8 16. Bd2 a5 17. Nxd4 cxd4 18. b4 a4 19. Rbc1 f5 20. Ng5 Rc8 
21. Qa2 Rxc1 22. Bxc1 Qd7 23. Nf3 Bf6 24. Nd2 Rc8 25. Nb1 b5 26. Bd2 h6 
27. Rc1 Re8 28. Rc5 e4 29. dxe4 fxe4 30. Rc1 Nb6 31. Be1 Bd5 32. Qc2 Bb3 
33. Qc6 Qxc6 34. Rxc6 Nc4 35. Rc5 d3 36. e3 Bb2 37. Rxb5 Bc1 38. Rc5 Rd8 
39. Bxe4 d2 40. Nxd2 Bxd2 41. Bxd2 Nxd2 42. Bc6 Nc4 43. Bxa4 Rd1+ 44. Kg2 Nxe3+ 
45. Kf3 Bxa4 46. Kxe3 Rb1 47. Rc3 Kg8 48. h4 Kf7 49. Kd4 Ke6 50. Re3+ Kd6 
51. Rf3 Rd1+ 52. Kc4 Rc1+ 53. Kd4 Rd1+ 54. Kc4 Rc1+ 55. Kd4 
1/2-1/2

[Event "34th Chess Olympiad (men)"]
[Site "Istanbul"]
[Date "2000.11.02"]
[Round "6.41.1"]
[White "Gonzalez, Bernal"]
[Black "Nsubuga, Grace"]
[WhiteElo "2428"]
[BlackElo "2259"]
[WhiteCountry "CRC"]
[BlackCountry "UGA"]
[Result "1/2-1/2"]

1. f4 d5 2. Nf3 Nf6 3. g3 Bf5 4. Bg2 e6 5. d3 c5 6. O-O Nc6 7. e3 h6 8. Qe2 Be7 
9. Nc3 O-O 10. Ne5 Nxe5 11. fxe5 Nd7 12. Nxd5 Nxe5 13. Nxe7+ Qxe7 14. d4 Nd7 
15. Bxb7 Nf6 16. Bxa8 Rxa8 17. e4 Nxe4 18. dxc5 Qxc5+ 19. Be3 Qe5 20. Qf3 Qxb2 
21. c4 Rc8 22. c5 Nc3 23. Rfe1 Be4 24. Qf2 Qb4 25. Bd2 Ba8 26. Bxc3 Qxc3 
27. Rac1 Qb4 28. h3 Bd5 29. Re2 Bc6 30. Rd2 Qe4 31. Kh2 Qb4 32. Rd6 Qe4 
33. Re1 Qc4 34. Rd4 Qc3 35. Qd2 Qxc5 36. Rc1 Qb6 37. Rd6 Qb5 38. Qd3 Qb6 
39. Qc2 Be8 40. Qd2 Qb8 41. Rxc8 Qxc8 42. h4 Qc4 43. Rd8 Qb5 44. Qc2 Kf8 
45. Rc8 g6 46. Qd2 Kg7 47. Qd4+ e5 48. Qf2 Bc6 49. Qc2 Bb7 50. Rd8 Qf1 
51. Rd1 Qf3 52. Re1 h5 53. Qe2 Qxe2+ 54. Rxe2 Kf6 55. Rc2 Bd5 56. a4 a6 
57. Rb2 Kf5 58. Kg1 Ke4 59. Kf2 
1/2-1/2

[Event "34th Chess Olympiad (men)"]
[Site "Istanbul"]
[Date "2000.11.02"]
[Round "6.41.2"]
[White "Opio, Steven"]
[Black "Hernandez, Basante Francisco"]
[WhiteElo "2185"]
[BlackElo "2309"]
[WhiteCountry "UGA"]
[BlackCountry "CRC"]
[Result "1/2-1/2"]

1. d4 f5 2. g3 Nf6 3. Bg2 g6 4. c4 Bg7 5. Nc3 O-O 6. Nf3 d6 7. O-O Nc6 
8. d5 Ne5 9. Nxe5 dxe5 10. e4 f4 11. f3 g5 12. g4 h5 13. h3 e6 14. b3 Qd6 
15. Rf2 hxg4 16. hxg4 exd5 17. Nxd5 Rd8 18. Rd2 Qc5+ 19. Kf1 Be6 20. Nxf6+ Bxf6 
21. Bb2 c6 22. Qe2 Rxd2 23. Qxd2 Bd8 24. Qf2 Qa5 25. Qe1 Qc5 26. Qf2 Qxf2+ 
27. Kxf2 Bb6+ 28. Ke2 Bd4 29. Bxd4 exd4 30. Rh1 Kg7 31. Rh5 Kg6 32. Kd3 c5 
33. Bf1 a6 34. Kc2 Rg8 35. Bd3 Kf6 36. Rh7 Rg7 37. e5+ Kf7 38. Rh8 Rg8 39. Rh7+ 
1/2-1/2

[Event "34th Chess Olympiad (men)"]
[Site "Istanbul"]
[Date "2000.11.02"]
[Round "6.41.3"]
[White "Bermudez, Sergio"]
[Black "Bibasa, Bob"]
[WhiteElo "2185"]
[BlackElo "2226"]
[WhiteCountry "CRC"]
[BlackCountry "UGA"]
[Result "1/2-1/2"]

1. e4 d5 2. exd5 Nf6 3. d4 Nxd5 4. c4 Nb6 5. Nf3 Bg4 6. c5 Bxf3 7. Qxf3 Nd5 
8. Bc4 e6 9. Nc3 c6 10. Qg3 Nb4 11. O-O Nd7 12. Bf4 Nf6 13. Be5 Nbd5 
14. Bxd5 Nxd5 15. Ne4 h5 16. Nd6+ Bxd6 17. Bxd6 Qd7 18. Qxg7 O-O-O 
19. Rae1 Rdg8 20. Qe5 Rh6 21. f4 h4 22. f5 exf5 23. Qxf5 Qxf5 24. Rxf5 Rhg6 
25. Re2 Rxg2+ 26. Rxg2 Rxg2+ 27. Kxg2 Ne3+ 28. Kh3 Nxf5 29. Kg4 Nxd4 
30. Kxh4 Kd7 31. Kg5 Ke6 32. h4 Nf3+ 33. Kg4 Nd4 34. h5 f6 35. Kf4 Kf7 
36. Ke4 Ne6 37. b4 Ng5+ 38. Kf5 Ne6 39. Bf4 Ng7+ 40. Kg4 Ne6 41. Be3 Nc7 
42. Bd4 Nd5 43. a3 Ne7 44. h6 Kg6 45. h7 Kxh7 46. Bxf6 Nd5 47. Kf5 Kg8 
48. Bg5 Kf7 49. Ke5 Nc3 50. Bd2 Nb1 51. Bc1 Ke7 52. Kd4 Ke6 53. a4 b6 
54. Kc4 bxc5 55. Kxc5 Nc3 56. a5 Kd7 57. Bf4 Nd5 58. Bg3 Nc3 59. Bb8 Nb5 
60. Bg3 Nc3 61. Be5 Ne4+ 62. Kc4 Nd6+ 63. Kd4 Nb5+ 64. Kc5 Na3 65. Bg3 Nb5 
66. Bb8 Kc8 67. Kxc6 Nd4+ 68. Kc5 Nb3+ 69. Kb5 Kxb8 70. Kc6 Nd4+ 71. Kc5 Ne6+ 
72. Kc6 Nd4+ 73. Kc5 Nb3+ 74. Kc6 Nd2 75. b5 Nb3 76. b6 a6 77. b7 
1/2-1/2

[Event "34th Chess Olympiad (men)"]
[Site "Istanbul"]
[Date "2000.11.02"]
[Round "6.41.4"]
[White "Kawuma, Stevan"]
[Black "Trejos, Enrique"]
[WhiteElo "2020"]
[BlackElo "2000"]
[WhiteCountry "UGA"]
[BlackCountry "CRC"]
[Result "1/2-1/2"]

1. e4 c5 2. Nf3 d6 3. d4 cxd4 4. Nxd4 Nf6 5. Nc3 g6 6. Be3 Bg7 7. f3 Nc6 
8. Bc4 Bd7 9. Bb3 Rc8 10. Qd2 Ne5 11. Qe2 Qa5 12. O-O-O a6 13. Kb1 b5 
14. Bc1 O-O 15. g4 Rc5 16. h4 Rfc8 17. h5 Rxc3 18. bxc3 Nc4 19. Bxc4 bxc4 
20. Qe1 Ba4 21. Bb2 Rb8 22. Ka1 Nd7 23. hxg6 hxg6 24. Qd2 Nc5 25. Rb1 e5 
26. Ba3 Rxb1+ 27. Rxb1 exd4 28. Rb8+ Bf8 29. Qxd4 Bxc2 30. Bxc5 Qxc5 
31. Qxc5 dxc5 32. g5 Ba4 33. e5 Bb5 34. f4 Kg7 35. Kb2 Kg8 36. Kc2 Kg7 
37. Kd2 Kg8 38. Ke3 Kg7 39. Kf3 Be7 40. Ke4 Bc6+ 41. Ke3 Bb5 42. Rc8 Ba4 
43. Ke4 Bc2+ 44. Kd5 a5 45. Rc7 Kf8 46. Rc8+ Kg7 47. Kc6 a4 48. Rc7 Kf8 
49. Rc8+ Kg7 50. Re8 Bf8 51. Rd8 Bb3 52. Rd2 Be7 53. Kd7 Kf8 54. Rb2 a3 
55. Rh2 Ba4+ 56. Kc7 Ke8 57. Rh8+ Bf8 58. Rh1 Ke7 59. Rb1 Bb3 60. Ra1 Ba4 
61. Kb6 Ke6 62. Ka5 Bc2 63. Rc1 Bd3 64. Rh1 Bc2 65. Rc1 Bb3 66. Ra1 Kd5 
67. Kb5 Ke4 68. axb3 cxb3 69. Kc4 b2 70. Re1+ Kxf4 71. Kb3 c4+ 72. Ka2 Kf5 
73. Rf1+ Kxe5 74. Rxf7 Bc5 
1/2-1/2

[Event "34th Chess Olympiad (men)"]
[Site "Istanbul"]
[Date "2000.11.02"]
[Round "6.42.1"]
[White "Lodhi, Mahmood"]
[Black "Sosa, Luis"]
[WhiteElo "2438"]
[BlackElo "2166"]
[WhiteCountry "PAK"]
[BlackCountry "PUR"]
[Result "1-0"]

1. d4 d5 2. Nf3 Nc6 3. Bf4 Bg4 4. e3 e6 5. c4 dxc4 6. Bxc4 Bd6 7. Bg3 Nge7 
8. Nc3 O-O 9. Rc1 Bh5 10. a3 a6 11. Ne4 Bxg3 12. hxg3 Bg6 13. Nc5 b5 
14. Ba2 Qd6 15. Nb7 Qd7 16. Nh4 Rfb8 17. Nc5 Qd6 18. Nxg6 Nxg6 19. Qh5 Nf8 
20. Ne4 Qd7 21. Ng5 
1-0

[Event "34th Chess Olympiad (men)"]
[Site "Istanbul"]
[Date "2000.11.02"]
[Round "6.42.3"]
[White "Amer, Karim"]
[Black "Santa, Luis A"]
[WhiteElo "2240"]
[BlackElo "2201"]
[WhiteCountry "PAK"]
[BlackCountry "PUR"]
[Result "1-0"]

1. d4 Nf6 2. Nf3 g6 3. g3 Bg7 4. Bg2 O-O 5. O-O d6 6. c4 c5 7. Nc3 Nc6 
8. d5 Na5 9. Qd3 Bf5 10. e4 Bg4 11. Ne1 Qd7 12. b3 Bh3 13. Bb2 Bxg2 14. Kxg2 a6 
15. Na4 Qc7 16. e5 dxe5 17. Qe3 Nd7 18. Nd3 Rac8 19. Rfe1 b5 20. cxb5 axb5 
21. Naxc5 Nxc5 22. Rac1 Nxd3 23. Rxc7 Nxe1+ 24. Qxe1 Rxc7 25. Qxa5 Rc2 
26. Bc3 Rc8 27. Bd2 R2c5 28. Qa6 Bf8 29. Be3 Rc2 30. a3 R8c3 31. Kf1 Rxb3 
32. Qa8 Rbc3 33. Qb8 Rc8 34. Qxb5 Bg7 35. a4 e4 36. a5 Rb2 37. Qd7 Ra8 
38. a6 Bf6 39. a7 Rc2 40. Qb7 Rcc8 41. Bf4 
1-0

[Event "34th Chess Olympiad (men)"]
[Site "Istanbul"]
[Date "2000.11.02"]
[Round "6.42.4"]
[White "Bermudez, Adams William"]
[Black "Waqar, Mohamed"]
[WhiteElo "2125"]
[BlackElo "2208"]
[WhiteCountry "PUR"]
[BlackCountry "PAK"]
[Result "0-1"]

1. e4 c5 2. f4 g6 3. Nf3 Bg7 4. Nc3 Nc6 5. Bb5 Nd4 6. O-O Nxb5 7. Nxb5 Nf6 
8. d3 O-O 9. Nc3 d6 10. Qe1 Rb8 11. Qh4 e6 12. f5 b5 13. Bg5 Bb7 14. Rae1 exf5 
15. exf5 d5 16. fxg6 fxg6 17. Re6 Bc8 18. Rc6 b4 19. Nd1 Rb6 20. Ne5 Rxc6 
21. Nxc6 Qd6 22. Na5 Ng4 23. Rxf8+ Bxf8 24. Ne3 Nxe3 25. Bxe3 Qe5 26. Qg5 Qxg5 
27. Bxg5 Kf7 28. Nc6 a6 29. d4 cxd4 30. Bd2 Bf5 31. Nxb4 a5 32. Nd3 a4 
33. Kf2 Bd6 34. g3 Ke6 35. Bf4 Be7 36. h4 Bg4 37. Ke1 Kf5 38. Kd2 Bf3 
39. b4 Be4 40. b5 Bd8 41. Bb8 Ba5+ 42. Kc1 Bxd3 43. cxd3 Kg4 44. Ba7 Kxg3 
45. b6 Kxh4 46. b7 Bc7 47. b8Q Bxb8 48. Bxb8 Kh3 49. Bf4 h5 50. Kd2 h4 
51. Bg5 Kg4 52. Bf6 h3 53. Be5 Kf3 54. a3 g5 
0-1

[Event "34th Chess Olympiad (men)"]
[Site "Istanbul"]
[Date "2000.11.02"]
[Round "6.43.2"]
[White "Mossong, Hubert"]
[Black "Zeidler, Sven P"]
[WhiteElo "2213"]
[BlackElo "2255"]
[WhiteCountry "LUX"]
[BlackCountry "WLS"]
[Result "1-0"]

1. e4 d5 2. exd5 Qxd5 3. Nc3 Qa5 4. d4 Nf6 5. Nf3 Bg4 6. h3 Bh5 7. g4 Bg6 
8. Ne5 e6 9. Bg2 c6 10. O-O Nbd7 11. Nc4 Qa6 12. Qe2 O-O-O 13. Bf4 Nd5 
14. Nd6+ Bxd6 15. Qxa6 bxa6 16. Bxd6 Nxc3 17. bxc3 Bxc2 18. Bg3 Kb7 
19. Rfc1 Bd3 20. a4 a5 21. c4 Nb6 22. d5 exd5 23. cxd5 Nxd5 24. Ra3 Nb4 
25. Rxc6 Rhe8 26. Rd6+ Kc7 27. Rc3+ 
1-0

[Event "34th Chess Olympiad (men)"]
[Site "Istanbul"]
[Date "2000.11.02"]
[Round "6.43.3"]
[White "Binks, Michael"]
[Black "Wagener, Claude"]
[WhiteElo "2155"]
[BlackElo "2210"]
[WhiteCountry "WLS"]
[BlackCountry "LUX"]
[Result "1/2-1/2"]

1. d4 Nf6 2. c4 g6 3. Nc3 d5 4. Nf3 Bg7 5. e3 O-O 6. Be2 c5 7. O-O cxd4 
8. exd4 Nc6 9. h3 Bf5 10. Be3 Rc8 11. c5 Ne4 12. Rc1 e5 13. dxe5 Nxc3 
14. Rxc3 Nxe5 15. Bd4 Nc6 16. Bxg7 Kxg7 17. Nd4 Be6 18. Bb5 Nxd4 19. Qxd4+ Qf6 
20. Rd1 Rfd8 21. b4 Qxd4 22. Rxd4 Kf6 23. Be2 Ke5 24. Rcd3 b6 25. f4+ Kf6 
26. cxb6 axb6 27. Rd2 Rc3 28. Bf3 Rc1+ 29. Kf2 Rb1 30. Kg3 Ra8 31. Rc2 Ra4 
32. Bxd5 Bxd5 33. Rxd5 Rbxb4 34. Rdd2 Ra3+ 35. Kh2 h5 36. Rb2 Rxf4 
37. Rxb6+ Kg5 38. Rb5+ Kh6 39. Rb3 Rfa4 40. Rxa3 Rxa3 41. Kg1 Kg5 42. Rb2 f5 
43. Kf2 f4 44. Rc2 Kh4 45. Rb2 g5 46. Rc2 g4 47. hxg4 Kxg4 48. Rb2 h4 
49. Rc2 h3 50. gxh3+ Rxh3 51. Kf1 Rh1+ 52. Kg2 Rh8 53. Rc3 Rb8 54. a3 Rb2+ 
55. Kf1 Ra2 56. Rb3 f3 57. Rb8 Rxa3 
1/2-1/2

[Event "34th Chess Olympiad (men)"]
[Site "Istanbul"]
[Date "2000.11.02"]
[Round "6.43.4"]
[White "Brittner, Serge"]
[Black "Jones, Richard S"]
[WhiteElo "2000"]
[BlackElo "2114"]
[WhiteCountry "LUX"]
[BlackCountry "WLS"]
[Result "0-1"]

1. d4 g6 2. c4 Nf6 3. Nc3 Bg7 4. e4 O-O 5. Nf3 d6 6. Be2 e5 7. O-O Nc6 
8. d5 Ne7 9. b4 a5 10. bxa5 Nd7 11. Nd2 Rxa5 12. Nb3 Ra8 13. Be3 b6 14. a4 f5 
15. f3 Nc5 16. Nxc5 bxc5 17. Qd2 Kh8 18. Rfb1 f4 19. Bf2 g5 20. Rb3 h5 
21. h3 Ng8 22. a5 Nh6 23. Nb5 Rf7 24. Rab1 g4 25. fxg4 hxg4 26. hxg4 Nxg4 
27. Rh3+ Kg8 28. Bxg4 Bxg4 29. Bh4 Bf6 30. Bxf6 Qxf6 31. Rh2 Qg6 32. Re1 Rg7 
33. Qf2 Qg5 34. Ra1 f3 35. g3 Bh5 36. Kh1 Rh7 37. a6 Rxa6 38. Rb1 Ra4 
39. Qf1 Qxg3 40. Rh3 Bg6 41. Rxh7 Kxh7 42. Rb2 f2 
0-1

[Event "34th Chess Olympiad (men)"]
[Site "Istanbul"]
[Date "2000.11.02"]
[Round "6.44.1"]
[White "Nilssen, John Arni"]
[Black "Samuel Sousa, Carlos"]
[WhiteElo "2354"]
[BlackElo "2000"]
[WhiteCountry "FAI"]
[BlackCountry "ANG"]
[Result "1/2-1/2"]

1. d4 Nf6 2. c4 g6 3. Nc3 Bg7 4. e4 d6 5. Be2 O-O 6. Bg5 c5 7. d5 h6 8. Bf4 e6 
9. dxe6 Bxe6 10. Qd2 Kh7 11. Bxd6 Re8 12. e5 Nfd7 13. Nf3 Nc6 14. Qf4 Nd4 
15. O-O Nxe2+ 16. Nxe2 f6 17. Rfd1 Qb6 18. exf6 Nxf6 19. Ng3 Bg4 20. h4 Re6 
21. b4 Bxf3 22. bxc5 Qc6 23. gxf3 Nd7 24. Rab1 Rae8 25. Ne4 Nf6 26. Ng3 Nd7 
27. Ne4 Nf6 28. Ng3 Nd7 29. Ne4 
1/2-1/2

[Event "34th Chess Olympiad (men)"]
[Site "Istanbul"]
[Date "2000.11.02"]
[Round "6.44.3"]
[White "Olsen, Heini"]
[Black "Assis Pedro, Aderito"]
[WhiteElo "2313"]
[BlackElo "2000"]
[WhiteCountry "FAI"]
[BlackCountry "ANG"]
[Result "1/2-1/2"]

1. d4 Nf6 2. c4 e6 3. Nf3 b6 4. g3 Bb7 5. Bg2 Bb4+ 6. Bd2 Be7 7. Nc3 O-O 
8. O-O c5 9. d5 exd5 10. Nh4 Re8 11. Nf5 Bf8 12. Bf4 a6 13. Nxd5 Nxd5 
14. Bxd5 Bxd5 15. Qxd5 Nc6 16. Qd2 Qf6 17. Ne3 Nd4 18. Nd5 Qc6 19. Be3 b5 
20. b3 g6 21. Rac1 Bg7 22. Bxd4 cxd4 23. Nf4 Qe4 24. Rfd1 Rac8 25. cxb5 axb5 
26. Rxc8 Rxc8 27. Qd3 Qb7 28. a4 Rc3 29. Qxb5 Qxb5 30. axb5 Rxb3 31. Rc1 Rxb5 
32. Rc7 d6 33. Rc8+ Bf8 34. Rc4 Bg7 35. Rc8+ 
1/2-1/2

[Event "34th Chess Olympiad (men)"]
[Site "Istanbul"]
[Date "2000.11.02"]
[Round "6.44.4"]
[White "Domingos, Manuel"]
[Black "Naes, Flovin Tor"]
[WhiteElo "2000"]
[BlackElo "2271"]
[WhiteCountry "ANG"]
[BlackCountry "FAI"]
[Result "0-1"]

1. e4 e5 2. Nf3 Nc6 3. Bc4 Bc5 4. O-O d6 5. c3 Bg4 6. d3 Qd7 7. Nbd2 Nf6 
8. Re1 O-O 9. Bb3 a6 10. Nc4 h6 11. Ne3 Bxe3 12. Bxe3 d5 13. exd5 Nxd5 
14. h3 Bf5 15. d4 e4 16. Ne5 Nxe5 17. dxe5 Rad8 18. c4 Nxe3 19. Qxd7 Rxd7 
20. Rxe3 Rd2 21. f3 exf3 22. Rxf3 Be6 23. Rd1 Rxd1+ 24. Bxd1 Rd8 25. Bb3 c5 
26. Re3 Rd2 27. Kf1 Kf8 28. Re2 Rd4 29. Rc2 Re4 30. Kf2 Rxe5 31. Rd2 Ke7 
32. Bd1 Bxc4 33. Bf3 b6 34. a3 Re6 35. Rc2 Bd3 36. Rc3 Be4 37. b4 Bxf3 
38. gxf3 Kd6 39. bxc5+ bxc5 40. Rd3+ Ke5 
0-1

[Event "34th Chess Olympiad (men)"]
[Site "Istanbul"]
[Date "2000.11.02"]
[Round "6.45.1"]
[White "Wijesurija, G Laxman"]
[Black "Hakki, Imad"]
[WhiteElo "2160"]
[BlackElo "2429"]
[WhiteCountry "SRI"]
[BlackCountry "SYR"]
[Result "0-1"]

1. e4 c5 2. Nc3 Nc6 3. f4 g6 4. Nf3 Bg7 5. Bb5 Nd4 6. Bc4 e6 7. O-O Ne7 
8. e5 d5 9. Bb5+ Kf8 10. Nxd4 cxd4 11. Ne2 Qb6 12. Bd3 Nc6 13. b3 f6 
14. Ba3+ Ke8 15. exf6 Bxf6 16. Ng3 Qa5 17. Bb2 Nb4 18. Qe2 Bd7 19. a4 Kd8 
20. Nh1 Rc8 21. Rac1 Re8 22. Ba3 e5 23. Bxb4 Qxb4 24. fxe5 Bxe5 25. Qf2 Kc7 
26. c3 dxc3 27. dxc3 Qd6 28. Ng3 Kb8 29. Qd2 Qb6+ 30. Kh1 Qxb3 31. Rf7 Bxc3 
32. Qf4+ Be5 33. Rxc8+ Bxc8 34. Qf3 Bd6 35. Bf1 Qxf3 36. gxf3 Re7 37. Rf8 Kc7 
38. Rh8 Bd7 39. a5 a6 40. Ne2 Bb5 41. Ng3 Bxf1 42. Nxf1 Bb4 43. Kg2 Bxa5 
44. Rf8 Bc3 45. f4 Bg7 46. Rg8 Bh6 47. f5 gxf5 48. Ng3 Rg7 49. Rxg7+ Bxg7 
50. Nxf5 Bf6 51. Kf3 a5 52. Ne3 Kc6 53. Ke2 b5 54. Kd3 b4 55. Nc2 Kc5 
0-1

[Event "34th Chess Olympiad (men)"]
[Site "Istanbul"]
[Date "2000.11.02"]
[Round "6.45.2"]
[White "Khatib, Kamel"]
[Black "De Silva, Nuwan"]
[WhiteElo "2000"]
[BlackElo "2000"]
[WhiteCountry "SYR"]
[BlackCountry "SRI"]
[Result "1-0"]

1. d4 Nf6 2. Nf3 e6 3. c4 c5 4. e3 d5 5. Nc3 Nc6 6. a3 Bd6 7. dxc5 Bxc5 
8. b4 Be7 9. Bb2 a5 10. b5 Nb8 11. Qc2 Nbd7 12. Rd1 Qc7 13. cxd5 exd5 
14. Rc1 Qd8 15. Na4 Bd6 16. Bd3 O-O 17. O-O Re8 18. h3 Ne4 19. Rfd1 Ndf6 
20. Qb3 Be6 21. Bd4 Rc8 22. Rxc8 Qxc8 23. Bf1 Nd7 24. Qb2 f6 25. Rc1 Qd8 
26. Ne1 Qe7 27. Ra1 Bb8 28. Nd3 Qd6 29. g3 Ng5 30. Nf4 Nf3+ 31. Kg2 Ng5 
32. h4 Ne4 33. Rc1 Bf5 34. Qa2 Be6 35. Bd3 Bf7 36. Nc3 g5 37. hxg5 fxg5 
38. Nfe2 Ne5 39. Bxe5 Qxe5 40. Nxe4 dxe4 41. Bc4 Bxc4 42. Qxc4+ Kg7 43. Rd1 Bd6 
44. Rd5 Qf6 45. Nd4 Re5 46. Rxe5 Bxe5 47. Ne2 Qf3+ 48. Kf1 h5 49. Qd5 Kf6 
50. Qd8+ Kf5 51. Qf8+ Kg4 52. Qc8+ Qf5 53. Qxb7 h4 54. gxh4 gxh4 55. Nd4 Bxd4 
56. exd4 Qf3 57. Qg7+ Kh5 58. Qe5+ Kg6 59. Qe6+ Kh5 60. Kg1 Qd1+ 61. Kh2 Qxd4 
62. Qf5+ Kh6 63. Qf4+ Kh5 64. Qe3 Qe5+ 65. Kg2 Qxb5 66. Qxe4 Qg5+ 67. Kh3 Qc5 
68. Qxh4+ Kg6 69. Qg3+ Kf7 70. Kg2 Qb5 71. Qe3 a4 72. Kf3 Qd5+ 73. Ke2 Qa2+ 
74. Kf3 Qd5+ 75. Kg3 Qb3 76. Kg4 Kf6 77. Qc5 Qe6+ 78. Kf4 Qb3 79. Qd6+ Kf7 
80. Kg5 Qb5+ 81. Kg4 Qe2+ 82. Kg3 Qc2 83. f4 Qf5 84. Kf3 Qb5 85. Ke3 Kg8 
86. Kd4 Qb2+ 87. Kd5 Qb3+ 88. Kc6 Qc2+ 89. Kb5 Qb3+ 90. Qb4 
1-0

[Event "34th Chess Olympiad (men)"]
[Site "Istanbul"]
[Date "2000.11.02"]
[Round "6.45.3"]
[White "Fonseka, C.k.d"]
[Black "Al Zaim, Talal"]
[WhiteElo "2000"]
[BlackElo "2249"]
[WhiteCountry "SRI"]
[BlackCountry "SYR"]
[Result "0-1"]

1. e4 e5 2. Nc3 Bc5 3. Bc4 Nf6 4. d3 O-O 5. Bg5 c6 6. Qd2 a5 7. a4 d6 
8. Nf3 Na6 9. O-O Bg4 10. d4 exd4 11. Nxd4 h6 12. Be3 Bb4 13. f3 Bc8 
14. Rad1 Nc7 15. Nde2 Qe7 16. Nf4 Be6 17. Bd3 d5 18. Qf2 Rfe8 19. Kh1 Bd6 
20. Rde1 d4 21. Bxd4 Bxf4 22. g3 Bh3 23. gxf4 Bxf1 24. Rxf1 Ne6 25. Be3 Nh5 
26. Ne2 Kh8 27. Qg2 Nc5 28. Qh3 Nf6 29. f5 Nxd3 30. cxd3 Nh7 31. Rg1 Rg8 
32. Bd4 f6 33. Nf4 Nf8 34. Nh5 Rd8 35. Bc3 b5 36. Nxf6 gxf6 37. Qxh6+ Nh7 
38. Rg6 Rxd3 39. h4 Rxf3 40. Kh2 Rf2+ 41. Kg3 Rc2 42. Kf3 Rxc3+ 43. bxc3 bxa4 
44. Qh5 a3 45. Qg4 Re8 46. Qf4 a2 47. Rg1 Qc5 48. Qe3 Qc4 49. Qd4 Qb3 
50. Qd3 Rb8 51. Qd2 Qb1 
0-1

[Event "34th Chess Olympiad (men)"]
[Site "Istanbul"]
[Date "2000.11.02"]
[Round "6.45.4"]
[White "Al-Baba, Izate"]
[Black "Athukorala, Anuradha.b"]
[WhiteElo "2000"]
[BlackElo "2000"]
[WhiteCountry "SYR"]
[BlackCountry "SRI"]
[Result "1-0"]

1. c4 Nf6 2. Nc3 e6 3. e4 e5 4. g3 Bc5 5. Nf3 Nc6 6. Bg2 d6 7. d3 Bg4 8. h3 Bh5 
9. g4 Bg6 10. Bg5 h6 11. Bxf6 Qxf6 12. Nd5 Qd8 13. Qa4 a5 14. a3 O-O 
15. Qc2 Nd4 16. Nxd4 Bxd4 17. h4 c6 18. Nc3 Qf6 19. Qd2 Qd8 20. Ne2 Qb6 
21. Nxd4 Qxd4 22. h5 Bh7 23. g5 hxg5 24. Qxg5 f6 25. Qg3 Qxb2 26. O-O Qb6 
27. Rab1 Qc7 28. f4 Rf7 29. Bh3 Qe7 30. Rf2 Kf8 31. Rfb2 Rb8 32. f5 Qc7 
33. Rb6 Qc8 34. Qe1 Ra8 35. Qd2 Ra7 36. Kh2 Qc7 37. Bg4 Qc8 38. Qe3 Ra6 
39. Rxa6 bxa6 40. Qb6 Rd7 41. Qxa5 Ke7 42. Rb6 Ra7 43. Qb4 a5 44. Qb2 c5 
45. Rb8 Qc7 46. Rh8 Rb7 47. Qc2 Kf7 48. h6 Qb6 49. Bh5+ g6 50. Rxh7+ Kg8 
51. Rxb7 Qxb7 52. Bxg6 a4 53. Qxa4 
1-0

[Event "34th Chess Olympiad (men)"]
[Site "Istanbul"]
[Date "2000.11.02"]
[Round "6.46.1"]
[White "Cave, Christo"]
[Black "Watanabe, Akira"]
[WhiteElo "2296"]
[BlackElo "2374"]
[WhiteCountry "TRI"]
[BlackCountry "JPN"]
[Result "0-1"]

1. e4 c5 2. c3 d5 3. exd5 Qxd5 4. d4 Nf6 5. Nf3 e6 6. Be2 Be7 7. Bf4 Nc6 
8. O-O O-O 9. Ne5 cxd4 10. Bf3 Qb5 11. Nxc6 bxc6 12. Qxd4 Qxb2 13. Nd2 Nd5 
14. Be5 f6 15. Bg3 Qxc3 16. Qxc3 Nxc3 17. Rfc1 Nd5 18. Rxc6 Bd7 19. Ra6 Kf7 
20. Ne4 Nb4 21. Nd6+ Kg8 22. Ra5 Bc6 23. Rb1 Bxf3 24. gxf3 Nc6 25. Ra6 Nd4 
26. Kg2 e5 27. f4 Bxd6 28. Rxd6 Nf5 29. Rd7 Nxg3 30. fxg3 Rf7 31. Rbb7 Rxd7 
32. Rxd7 exf4 33. gxf4 a5 34. Kg3 a4 35. h4 Ra5 36. Rb7 h5 37. Kf3 Rc5 
38. Ra7 Rc3+ 39. Ke4 Ra3 40. Ra5 Rxa2 41. Rxh5 Ra1 42. Ra5 a3 43. h5 a2 
44. Kf5 Kh7 45. Ra8 Rh1 46. Rxa2 Rxh5+ 47. Kg4 Kg6 48. Ra6 Rh1 49. Rb6 Rg1+ 
50. Kf3 Kh5 51. Rb5+ Kh4 52. Rb7 Kh3 53. Ke4 g6 54. Rg7 Rg3 55. Rg8 g5 
56. Rg6 Rg4 57. Rxf6 Kg3 58. Ke3 Rxf4 59. Rg6 g4 60. Rg7 Rf8 61. Ke2 Kh3 
62. Ke1 g3 63. Ke2 Kh2 64. Rg6 g2 65. Rh6+ Kg1 66. Ra6 Rh8 67. Rg6 Kh2 68. Ke3 
0-1

[Event "34th Chess Olympiad (men)"]
[Site "Istanbul"]
[Date "2000.11.02"]
[Round "6.46.3"]
[White "Yee, Frank"]
[Black "Nakamura, Ryuji"]
[WhiteElo "2169"]
[BlackElo "2127"]
[WhiteCountry "TRI"]
[BlackCountry "JPN"]
[Result "1/2-1/2"]

1. e4 c5 2. Nf3 Nc6 3. d4 cxd4 4. Nxd4 Nf6 5. Nc3 e5 6. Ndb5 d6 7. Bg5 a6 
8. Na3 b5 9. Nd5 Be7 10. Bxf6 Bxf6 11. c3 Ne7 12. Nc2 Nxd5 13. exd5 O-O 
14. Be2 g6 15. O-O Bg7 16. a4 Bd7 17. axb5 axb5 18. Nb4 Qb6 19. Qb3 Rfb8 
20. Ra3 Rxa3 21. Qxa3 e4 22. Ra1 Rc8 23. Qa7 Qd8 24. Ra6 Be5 25. Nc6 Bxc6 
26. dxc6 d5 27. Bxb5 d4 28. cxd4 Bxd4 29. Qd7 e3 30. Qxd8+ Rxd8 31. fxe3 Bxb2 
32. Ra7 Rc8 33. Kf2 Be5 34. g3 Rc7 35. Ra8+ Kg7 36. Kf3 Re7 37. Bc4 h5 
38. h3 g5 39. g4 h4 40. Bd5 Bg3 41. e4 Bf4 42. Ra6 Rc7 43. Ra8 
1/2-1/2

[Event "34th Chess Olympiad (men)"]
[Site "Istanbul"]
[Date "2000.11.02"]
[Round "6.46.4"]
[White "Misaka, Susumu"]
[Black "Duncan, Leonard"]
[WhiteElo "2000"]
[BlackElo "2000"]
[WhiteCountry "JPN"]
[BlackCountry "TRI"]
[Result "1-0"]

1. d4 d5 2. c4 e6 3. Nc3 f5 4. Nf3 c6 5. g3 Nf6 6. Bg2 Bd6 7. O-O Nbd7 
8. Qc2 Ne4 9. Ne1 O-O 10. f3 Nxc3 11. Qxc3 f4 12. c5 Bc7 13. gxf4 Bxf4 
14. Bxf4 Rxf4 15. Nd3 Rh4 16. f4 Nf6 17. Ne5 Bd7 18. Qe1 Rh6 19. Rf3 Be8 
20. Rh3 Rxh3 21. Bxh3 Qe7 22. Qh4 Bh5 23. e3 Re8 24. Rf1 g6 25. Bg2 Ng4 
26. Qxe7 Rxe7 27. Nxg4 Bxg4 28. b3 Kg7 29. Rf2 h6 30. h4 Kf6 31. Kh2 Kf5 
32. Kg3 Bh5 33. Rd2 Rg7 34. b4 a6 35. a4 Re7 36. b5 axb5 37. axb5 cxb5 
38. Rb2 b4 39. Rxb4 Be2 40. Rb6 Bd3 41. Bf3 h5 42. Bg2 Bc4 43. Kf3 Bd3 
44. Bh3+ Kf6 45. Kf2 Kf7 46. Ke1 Kf6 47. Kd2 Be4 48. Kc3 Bf3 49. Kb4 Bg4 
50. Bf1 Bf3 51. Bd3 Bg4 52. e4 Bf3 53. e5+ Kf7 54. Rd6 Bg4 55. Kb5 Bd1 
56. Rd8 Kg7 57. Kb6 Ba4 58. Rb8 Bc6 59. Ba6 Rf7 60. Bxb7 Ba4 61. Ra8 Bd7 
62. Bc6 Bxc6 63. Kxc6 Rxf4 64. Kd6 g5 65. hxg5 h4 66. c6 h3 67. c7 h2 
68. Ra1 Rf8 69. Kd7 Rf7+ 70. Kc6 Rf8 71. Kb7 Rh8 72. Rh1 Kg6 73. c8Q Rh7+ 
74. Kc6 Kxg5 75. Qg8+ Kf4 76. Qxh7 Ke3 77. Qh4 Kd3 78. Kc5 Ke3 79. Rxh2 Kf3 
80. Rh3+ Ke2 
1-0

[Event "34th Chess Olympiad (men)"]
[Site "Istanbul"]
[Date "2000.11.02"]
[Round "6.47.1"]
[White "Moussa, Othman"]
[Black "Frick, Renato"]
[WhiteElo "2375"]
[BlackElo "2156"]
[WhiteCountry "UAE"]
[BlackCountry "LIE"]
[Result "1-0"]

1. d4 Nf6 2. c4 g6 3. Nc3 Bg7 4. e4 d6 5. f3 O-O 6. Be3 a6 7. Qd2 c6 8. Bd3 b5 
9. Nge2 e5 10. a3 exd4 11. Bxd4 Nbd7 12. O-O Qe7 13. cxb5 axb5 14. Rae1 Ne5 
15. f4 Bh6 16. Qc2 Nxd3 17. Qxd3 Bg7 18. f5 Re8 19. Qf3 g5 20. Qg3 h6 
21. h4 Nh5 22. Qf3 Bxd4+ 23. Nxd4 Qa7 24. Rd1 Ng7 25. hxg5 hxg5 26. Qg3 f6 
27. Qxd6 Rf8 28. Qxc6 Bd7 29. Qd5+ Rf7 30. Rf2 Re8 31. Ndxb5 Bxb5 32. Nxb5 Qe7 
33. Nd6 Rd8 34. Rdd2 Ne8 35. Qxf7+ 
1-0

[Event "34th Chess Olympiad (men)"]
[Site "Istanbul"]
[Date "2000.11.02"]
[Round "6.47.3"]
[White "Abdullah, Mansour"]
[Black "Elkuch, Harald"]
[WhiteElo "2290"]
[BlackElo "2126"]
[WhiteCountry "UAE"]
[BlackCountry "LIE"]
[Result "1-0"]

1. e4 c5 2. Nf3 d6 3. d4 cxd4 4. Qxd4 a6 5. c4 Nc6 6. Qd2 Nf6 7. Nc3 g6 
8. b3 Bg7 9. Bb2 O-O 10. Be2 Qa5 11. Rb1 Bg4 12. h3 Bxf3 13. Bxf3 Ne5 
14. Be2 Rac8 15. O-O b5 16. cxb5 axb5 17. f3 Rc7 18. Rfd1 b4 19. Na4 Rfc8 
20. Qe3 Rc2 21. f4 Ned7 22. Bd3 R2c6 23. Rf1 Nc5 24. Nxc5 Rxc5 25. Bd4 R5c6 
26. Rf2 Bh6 27. Qf3 Nd7 28. Bc4 e6 29. Qg4 d5 30. exd5 exd5 31. Bd3 Rc1+ 
32. Kh2 Rxb1 33. Qxd7 Rbc1 34. g3 R1c7 35. Qd6 Bg7 36. Bb6 Rc6 37. Qxc6 Rxc6 
38. Bxa5 Bc3 39. Kg2 d4 40. Kf3 Rc8 41. g4 f6 42. Re2 Kf7 43. f5 Kg7 
44. Re7+ Kh6 45. h4 g5 46. hxg5+ Kxg5 47. Rxh7 
1-0